Surnoms des pilotes de Formule 1 - Statistiques

Statistiques générales
  • Ce quiz a été pris 3 244 fois
  • Le résultat moyen est 10 sur 30
Statistiques - réponses
Surnom Pilote % Correct
Le Baron Rouge Michael Schumacher
85%
Le Professeur Alain Prost
82%
Ice Man Kimi Räikkönen
77%
Le Finlandais Volant Keke Rosberg/Mika Häkkinen
76%
Jos the Boss Jos Verstappen
72%
Magic Ayrton Senna
71%
Le Taureau des Asturies Fernando Alonso
65%
Britney Nico Rosberg
56%
L'Ordinateur Niki Lauda
48%
L'Écossais Volant Jim Clark/Jackie Stewart
38%
El Maestro Juan Manuel Fangio
38%
The Shunt James Hunt
36%
Le Petit Prince Gilles Villeneuve
28%
L'Ogre de Modène Alberto Ascari
25%
Le Lion Nigel Mansell
25%
Le Kid de Bogota Juan Pablo Montoya
24%
L'Indien Nelson Piquet
24%
De Crasheris Andrea De Cesaris
21%
Black Jack Jack Brabham
20%
Big John John Surtees
19%
Superswede Ronnie Peterson
10%
L'Ourson Jody Scheckter
7%
Lole Carlos Reutemann
6%
Godasse de Plomb Jean-Pierre Jarier
5%
Le Taureau de la Pampa Jose Froilan Gonzalez
4%
Mike The Bike Mike Hailwood
4%
Nice Man Heikki Kovalainen
3%
Computer Kid Nick Heidfeld
3%
Le Dentiste Volant Tony Brooks
2%
Taffy Wolfgang von Trips
2%
Aucun quiz correspondant
Distribution des résultats
% des personnes avec chaque résultat
Percentile par nombre de réponses
Votre historique - résultats
Vous n’avez pas pris ce quiz